Statistics for Ohmami - Chase Atlantic (lyrics)

Click here to take the quiz!

General Stats

  • This quiz has been taken 30 times
  • The average score is 310 of 477

Answer Stats

Answer% Correct
Mami,
100%
Mami
100%
Oh
100%
(oh,
100%
oh)
100%
Oh,
100%
oh
100%
Oh-oh,
100%
oh-oh-oh
100%
Ooh,
100%
ooh
100%
(ooh-ooh-ooh,
100%
a
93%
be
93%
f-
93%
her,
93%
her
93%
I
93%
I'ma
93%
in
93%
in,
93%
might
93%
new
93%
on
93%
'Rari
93%
The
93%
the
93%
to
93%
fuck
87%
Fuck
87%
have
87%
high,
87%
I'm
87%
it
87%
me,
87%
me
87%
no,
87%
no
87%
she
87%
She
87%
side
87%
yeah-ah-ah-ah
87%
yeah-ah-ah-ah,
87%
yeah-ah-ah-ah-ah-ah-ah,
87%
but
80%
But
80%
by
80%
can
80%
eyes
80%
For
80%
for
80%
fuckin'
80%
got
80%
Got
80%
that
80%
this
80%
Yeah
80%
yeah,
80%
Yeah,
80%
yeah
80%
(yeah,
80%
yeah-ah-ah
80%
You
80%
you
80%
150
73%
been
73%
Bitch,
73%
Bitch
73%
Hit
73%
see
73%
your
73%
all,
67%
all
67%
All
67%
at
67%
dash,
67%
devil
67%
do
67%
highway,
67%
highway
67%
love
67%
lying,
67%
Mamacita,
67%
not
67%
of
67%
Shit
67%
shit,
67%
shit
67%
sideways,
67%
Spanish
67%
styling,
67%
styling
67%
Then
67%
up
67%
an
60%
Baby,
60%
baby,
60%
blue
60%
chiquita,
60%
cross
60%
Cuban
60%
diamond
60%
get
60%
habla
60%
haven't
60%
ingles,
60%
link,
60%
my
60%
say
60%
back
53%
bent
53%
bonita,
53%
call,
53%
Call
53%
don't
53%
drunk
53%
just
53%
kilo,
53%
know
53%
let's
53%
month
53%
night
53%
night,
53%
out
53%
stay
53%
top
53%
tu
53%
V,
53%
way
53%
when
53%
with
53%
And
47%
and
47%
can't
47%
coke
47%
corner
47%
double
47%
down
47%
"down"
47%
estar
47%
friend,
47%
fucking
47%
if
47%
like
47%
lines
47%
Make
47%
make
47%
Muy
47%
nose
47%
pop
47%
quieres
47%
Supreme
47%
take
47%
actress,
40%
anyway
40%
bend
40%
clean
40%
everything
40%
friends
40%
hate
40%
Kilimanjaro,
40%
leaving
40%
Louis
40%
molly
40%
mountain
40%
Never
40%
never
40%
pray
40%
three
40%
too
40%
wake
40%
wanna
40%
(whoa)
40%
whoa)
40%
whoa
40%
Acting
33%
Adidas,
33%
Ah,
33%
another
33%
ask
33%
away
33%
backwards
33%
break
33%
breakfast
33%
bring
33%
Cut
33%
date
33%
dog
33%
end
33%
enough
33%
from
33%
front
33%
how
33%
mile
33%
Motherfucker,
33%
Murakami
33%
play,
33%
red
33%
seat
33%
she'll
33%
trunk
33%
watch
33%
bottle
27%
Columbian
27%
Dark
27%
even
27%
extra,
27%
fall
27%
fill
27%
foreign
27%
give
27%
Guarantee
27%
Maria,
27%
need
27%
Now
27%
okay
27%
restless
27%
rounds
27%
showing
27%
Switch
27%
tastes,
27%
Telling
27%
try
27%
30
20%
arrested
20%
bag,
20%
blood
20%
Brown
20%
dogs
20%
drought,
20%
duffle
20%
either
20%
flames
20%
girls
20%
hop
20%
lanes
20%
Please
20%
pour
20%
rain
20%
route
20%
said,
20%
said
20%
slide
20%
static
20%
stylist
20%
swing
20%
talking,
20%
throw
20%
today
20%
two-liter
20%
uh
20%
uh,
20%
clip
13%
doors
13%
Double-down
13%
gold
13%
one-way
13%
Switchblade
13%
they
13%
wheelies,
13%
wildin'
13%
Drop
7%
eh
7%

Score Distribution

Percentile by Number Answered

Percent of People with Each Score

Your Score History

You have not taken this quiz